| 000 | 00000nam##2200000za#4500 |
| 001 | 9.695547 |
| 003 | CaOODSP |
| 005 | 20210624234627 |
| 007 | cr ||||||||||| |
| 008 | 150407|1998||||xxc|||||o f|0| 0 eng|d |
| 040 | |aCaOODSP|beng |
| 043 | |an-cn--- |
| 086 | 1 |aR34-8/3-1998E-PDF |
| 110 | 1 |aCanada.|bIndian and Northern Affairs. |bNorthern Affairs Program. |
| 245 | 10|aJurisdictional responsibilities for land resources, land use and development in the Yukon Territory and Northwest Territories. Northwest Territories Nunavut settlement area lands / |h[electronic resource]|cPublished under the authority of the Minister of Indian Affairs and Northern Development. |
| 246 | 1 |iVariant title : |aNorthwest Territories Nunavut settlement area lands |
| 260 | |aOttawa - Ontario : |bIndian and Northern Affairs. |c1998. |
| 300 | |a61p.|bmap |
| 500 | |a"Book three"--p.1 of 61. Book one (R34-8/1-1998E-PDF) ; book two (R34-8/2-1998E-PDF) ; book four (R34-8/4-1998E-PDF). The catalogue number (R34-8/3-1998E) and ISBN (0-662-26955-1) for the print edition have been incorrectly copied in this electronic publication. |
| 590 | |a12-09-Supp|b2012-03-21 |
| 690 | 07|aInuit|2gcpds |
| 690 | 07|aLand claims|2gcpds |
| 690 | 07|aLand management|2gcpds |
| 775 | 08|tPartage des compétences en matière de ressources foncières et d'utilisation et d'aménagement des terres au Yukon et dans les Territoires du Nord-ouest. Terres des Territoires du Nord-Ouest visées par l'Accord sur les revendications territoriales du Nunavut / |w(CaOODSP)9.639680 |
| 856 | 40|ahttp://publications.gc.ca|qPDF|s646 KB|uhttps://publications.gc.ca/collections/Collection/R34-8-3-1998E.pdf |
| 986 | |aQS-8574-006-EE-A1 |